Zelda: BOTW - Grundwissen - Einfach #1 - Statistiken

Allgemein
  • Dieses Quiz wurde 1.158 mal gespielt
  • Das Durchschnittsergebnis liegt bei 11 aus 12
Antwortstatistiken
Frage Antwort % Korrekt
Wie heißt die Hauptfigur? Link
97%
Wie heißt die Prinzessin? Zelda
97%
Wie viele Ausdauer Ringe kann man Maximal haben? 3
96%
Wie viele Titanen gibt es? 5
96%
Wie viele Herzen braucht man um das Master sword zu bekommen? 13
95%
Wie heißt der Endboss des Spiels? Die Verheerung Ganon
94%
Wie viele Herzen kann man maximal haben? 20
90%
Wie viele Krogs gibt es? 900
90%
Wie viele Schreine gibt es? 120
84%
Wie heißt das anfangs Gebiet? Das Vergessene Plateau
80%
Wie heißt der Nachfolger? The legend of Zelda: Tears of the kingdom
79%
Wie heißt der Donnertitan Vah Naboris
74%
Keine übereinstimmenden Quizze gefunden
Verteilung der Resultate
Anzahl Personen mit jedem Resultat
Perzentil nach korrekt beantworteten Fragen
Ihre Resultats-Entwicklung
Sie haben dieses Quiz noch nicht gespielt